| 000 | 01872nam a2200313 i 4500 | ||
|---|---|---|---|
| 001 | 188625 | ||
| 003 | SpMaBN | ||
| 005 | 20250729063251.0 | ||
| 008 | 190114s2007 sp b |||| | spa d | ||
| 020 | _a978-84-88699-99-2 | ||
| 080 | _a017.1(460.27 M.) | ||
| 080 | _a016:094"16" | ||
| 080 | _a016:821.134.2-1"16" | ||
| 100 | 1 |
_aBègue, Alain, _d1974- _eaut _9165957 |
|
| 245 | 1 | 4 |
_aLas academias literarias en la segunda mitad del siglo XVII : _bcatálogo descriptivo de los impresos de la Biblioteca Nacional de España / _cpor Alain Bègue |
| 260 |
_aMadrid : _bBiblioteca Nacional, _c2007 |
||
| 300 |
_a380 páginas ; _c25 cm |
||
| 500 | _aÍndices | ||
| 504 | _aBibliografía: páginas 51-56 | ||
| 520 | _aLa elaboración de este catálogo, compilado por Alain Bègue, intenta responder a una triple demanda: ofrecer un punto de partida para el estudio de una época olvidada de la historia de la literatura española, estudiar la evolución de los discursos poéticos entre las estéticas barroca y neoclásica y, por fin, hacerse cargo de la muy fértil producción de los poetas de academia, para, más allá de los caducos prejuicios estéticos que otrora la consideraron una suerte de infraliteratura, integrar la edición y estudio de estos textos en el lugar que ocuparon en la historia de la poesía española a lo largo de casi media centuria | ||
| 586 | _aPremio de Bibliografía 2007, Biblioteca Nacional | ||
| 650 | 7 |
_aLibros antiguos- _zBiblioteca Nacional de España- _vCatálogos _9149480 |
|
| 650 | 7 |
_aPoesía española- _yS.XVI-XVII- _vBibliografías _9165958 |
|
| 710 | 2 |
_aBiblioteca Nacional (España) _eedt _92188 |
|
| 852 |
_aES-MaACL _bR.151567 _cDEPO1 _dOlim: N-7295 _hDonación Biblioteca Nacional de España _jA-14295 _9195756 |
||
| 942 |
_2udc _cMONOGRAFIA _n0 |
||
| 999 |
_c188625 _d188625 |
||